000 00570nam a2200229Ia 4500
003 OSt
005 20220924152319.0
006 a|||||r|||| 00| 0
007 ta
008 220923b |||||||| |||| 00| 0 ara d
024 _a341962
037 _cTextual
040 _aARTS
_cARTS
_bara
041 _2ara
_aara
082 _aQ7wD599, 28H8
100 _aNasr Umar Abul Au.
_9174277
245 0 _aAli-o-aaisha
260 _c1948
650 _aISLAM
_9577
942 _hQ7wD599, 28H8
_cTEXL
_2CC
999 _c469441
_d469441